000 01016nam a22003137a 4500
003 CHAP
005 20220329143537.0
008 100429s1994 nz a r 00010 eng d
010 _a98289
011 _a99261
020 _a0854670955
035 _a109947
040 _cCHAP
082 1 4 _a581.634
_bR45
100 1 _aRiley, Murdoch
_997431
245 1 0 _aMáori healing and herbal:
_bNew Zealand ethnobotanical Sourcebook
_c/por Murdoch Riley
260 _aParaparaumu, New Zealand. :
_bViking Sevenseas N.Z. Ltd.,
_c1994
300 _a528 p. :
_bilus.
590 _aBATCH-UPD
_b10
_c20130110
_lUCH01
_h1005
590 _aBATCH-UPD
_b10
_c20130410
_lUCH01
_h0615
590 _aBATCH-UPD
_b10
_c20130914
_lUCH01
_h0743
590 _aCONVERSION
_b10
_c20130109
_lUCH01
_h1354
650 1 4 _aBotánica médica.
_914680
650 1 4 _aEtnobotánica.
_938611
650 1 4 _aMedicina tradicional.
_973921
901 _aBK
942 _cLIBRO
949 _a581.634 R45
_bBC
_cLIBRO
_d33724002163082
_eLIBRO
_gI.c/e
_h112420
_i109947
_sb
999 _c98289
_d98289